Burn this : a play /

Bibliographic Details
Main Author: Wilson, Lanford, 1937-2011
Format: Book
Language:English
Published: New York : Hill and Wang, [1987]
Series:A Mermaid dramabook

MARC

Tag First Indicator Second Indicator Subfields
LEADER 00000cam a2200000 a 4500
001 in00000031187
005 20151007060325.0
008 870715s1987 nyu 00010 eng
010 |a  87021073  
020 |a 080903249X :  |c $17.95 
035 |a (OCoLC)16354972 
035 |9 AAC0576AM 
040 |a DLC  |c DLC  |d TXA  |d UtOrBLW 
049 |a TXAM  |c [A11683486] 
050 0 0 |a PS3573.I458  |b B8 1987 
082 0 |a 812/.54  |2 19 
100 1 |a Wilson, Lanford,  |d 1937-2011. 
245 1 0 |a Burn this :  |b a play /  |c by Lanford Wilson. 
264 1 |a New York :  |b Hill and Wang,  |c [1987] 
264 4 |c ©1987 
300 |a 99 pages ;  |c 21 cm. 
336 |a text  |b txt  |2 rdacontent 
337 |a unmediated  |b n  |2 rdamedia 
338 |a volume  |b nc  |2 rdacarrier 
490 0 |a A Mermaid dramabook 
999 |a MARS 
999 f f |s a802af41-8ecb-3163-b94f-0e74025ba9de  |i 7606660c-70c5-3ce0-9902-022d4e32cc80  |t 0 
952 f f |p normal  |a Texas A&M University  |b College Station  |c Sterling C. Evans Library  |d Evans: Library Stacks  |t 0  |e PS3573.I458 B8 1987  |h Library of Congress classification  |i unmediated -- volume  |m A14811683486 
998 f f |a PS3573.I458 B8 1987  |t 0  |l Evans: Library Stacks